Estudio de losas planas armadas en dos direcciones y con tramos desiguales

Guardat en:
Dades bibliogràfiques
Autor principal: Rivera, Edison
Format: Desconegut
Publicat: 1949
Etiquetes: Afegir etiqueta
Sense etiquetes, Sigues el primer a etiquetar aquest registre!

MARC

LEADER 00000 a2200000 4500
003 010972
005 20221231143801.0
008 140114s1949 cr a m 000 ||s d
040 |c cru CEDI 
090 |a TFG 036 
100 |a Rivera, Edison  |9 17041 
245 |a Estudio de losas planas armadas en dos direcciones y con tramos desiguales 
260 |c 1949 
300 |a 58 hojas 
500 |a A la cabeza de la portada Tesis de Grado. Universidad de Costa. Escuela de Ingeniera̕ 
501 |a Ed. mecanografiada 
942 |c TFG 
999 |c 11909  |d 11909